Diseño y construcción de una turbina hidráulica de flujo axial, para generación de electricidad en la finca "Los Malinches", situada en San Rafael de Guatuso, Alajuela.
Sparad:
| Huvudupphovsman: | |
|---|---|
| Övriga upphovsmän: | |
| Materialtyp: | Bok |
| Publicerad: |
[San José , Costa Rica]
1995
|
| Ämnen: | |
| Taggar: |
Lägg till en tagg
Inga taggar, Lägg till första taggen!
|
MARC
| LEADER | 00000nam a2200000Ia 4500 | ||
|---|---|---|---|
| 003 | 007697 | ||
| 005 | 20231206111418.0 | ||
| 008 | 140114s1995 cr a m 000 ||s d | ||
| 040 | |c cru CEDI | ||
| 090 | |a TFG 3296 | ||
| 100 | |a Araya Zúñiga, Arturo |9 10689 | ||
| 245 | |a Diseño y construcción de una turbina hidráulica de flujo axial, para generación de electricidad en la finca "Los Malinches", situada en San Rafael de Guatuso, Alajuela. | ||
| 260 | |a [San José , Costa Rica] |c 1995 | ||
| 300 | |a v, 156 hojas : ilustraciones (algunas a color, plegables). | ||
| 500 | |a Proyecto de graduación (licenciatura en ingeniería mecánica)--Universidad de Costa Rica. Facultad de Ingeniería. Escuela de Ingeniería Mecánica | ||
| 650 | |x TURBINAS HIDRAULICAS |x DISEÑO Y CONSTRUCCION |9 10691 | ||
| 700 | |9 10690 |a Piedra Aguilar, Jorge | ||
| 942 | |c TFG |h TFG 3296 |i 007697 |6 TFG_3296_007697000000000 | ||
| 999 | |c 19376 |d 19376 | ||
